Aktiva, dluhy a vlastní jmění podniku.

Stručné pojednanie o finančnej situácii podniku ako o dôležitej súbornej finančnej charakteristike podniku. Aktíva, dlhy a vlastný majetok podniku ako hlavné komponenty finančnej situácie podniku. Vymedzenie pojmu dlh podniku a význam kategórie podnikových dlhov. Zásady oceňovania podnikových aktív...

Full description

Saved in:
Bibliographic Details
Main Author: Fireš, J.
Format: Book Chapter
Language:Czech
Subjects:
Tags: Add Tag
No Tags, Be the first to tag this record!

MARC

LEADER 00000naa a2200000 4500
001 r008123
005 20230113115901.6
041 0 |a cze 
044 |a [CS] 
245 1 0 |a Aktiva, dluhy a vlastní jmění podniku.  |c J. Fireš 
520 |a Stručné pojednanie o finančnej situácii podniku ako o dôležitej súbornej finančnej charakteristike podniku. Aktíva, dlhy a vlastný majetok podniku ako hlavné komponenty finančnej situácie podniku. Vymedzenie pojmu dlh podniku a význam kategórie podnikových dlhov. Zásady oceňovania podnikových aktív a dlhov. 
610 2 0 |a účtovníctvo 
610 2 0 |a podnik 
610 2 0 |a hospodárstvo trhové 
610 2 0 |a aktíva 
610 2 0 |a dlhy 
610 2 0 |a financie podnikové 
610 2 0 |a oceňovanie 
610 2 0 |a majetok kmeňový 
610 2 0 |a súvaha 
610 2 0 |a zisk podnikový 
610 2 0 |a fond rezervný 
100 1 |a Fireš, J.